LEADER 01121nam a2200265 i 4500 001 000000105948 003 CaOOAMICUS 005 20030502000000.0 008 030502s1999 it u000 u ita u 013 $a78142 020 $a88-11-73869-5 040 $aSeMil$bita 100 1 $aZega, Leonardo <1928-2010>.$0(OLS)http://semarc/name/4523 245 12$aI volti dell'amore :$blettere al Padre di "Famiglia Cristiana" /$cLeonardo Zega. 260 $a[Milano] :$bGarzanti,$c1999. 300 $aVI, 246 p. ;$c21 cm. 490 0 $aMemorie, documenti, biografie 650 4$aAmore - Concezione cristiana.$0(OLS)http://semarc/subject/2285 830 0$aMemorie, documenti, biografie.$0(OLS)http://semarc/title/10045 850 $aSeMil 852 $aSeMil$W1$xVenegono$y1$m2E II 385$j62103$B62103$CSeMilBibl$Z2$F75178 $81 961 $aOmaggio: Fumagalli don Aristide 996 $6020$a88-11-73869-5$9(OLS)http://semarc/number/86297 996 $6245$aI volti dell'amore :$blettere al Padre di "Famiglia Cristiana"$9(OLS)http://semarc/title/153514 996 $6260$a[Milano] :$bGarzanti$9(OLS)http://semarc/publisher/31829 LEADER 00939nam a2200217 i 4500 001 000000091128 003 CaOOAMICUS 005 20180110000000.0 008 180110n it u000 u ita u 013 $a63370 040 $aSeMil$bita 245 13$aUn sorriso, un augurio, una preghiera :$ba ricordo del Card. Attilio Nicora /$cDiocesi di Verona. 260 $a[S.l. :$bs.n.,$c199?] 300 $a23 p., [1] p. di ritratto :$bill. ;$c21 cm. 650 4$aNicora, Attilio .$0(OLS)http://semarc/subject/45781 710 2 $aDiocesi di Verona.$0(OLS)http://semarc/name/90938 850 $aSeMil 852 $aSeMil$W1$xVenegono$y1$m5B III 51/8$j54081$B54081$CSeMilBibl$Z2$F58729 $81 961 $aOmaggio: Perego don Stefano 996 $6245$aUn sorriso, un augurio, una preghiera :$ba ricordo del Card. Attilio Nicora$9(OLS)http://semarc/title/406076 996 $6260$a[S.l. :$bs.n.$9(OLS)http://semarc/publisher/31686